000 00559nam a2200229Ia 4500
003 OSt
005 20221005114627.0
006 a|||||r|||| 00| 0
007 ta
008 221004b |||||||| |||| 00| 0 tam d
024 _a46473
037 _cTextual
040 _aCRL
_cCRL
_btam
041 _2tam
_atam
082 _aQ22:417w, 31J5.2
245 0 _aAzhvargal varalaru-II
260 _c1955
300 _a148p.
_ccm.
650 _aTAMIL LITERATURE
942 _hQ22:417w, 31J5.2
_cTEXL
_2cc
999 _c1031925
_d1031925